Представление документа в формате MARC21

Поле Инд. ПП Название Значение
Тип записи a
Библиографический уровень b
001 Контрольный номер RU/IS/BASE/475349781
005 Дата корректировки 20200522191719.7
008 Кодируемые данные 20150123
040 b Код языка каталог. rus
e Правила каталог. PSBO
041 0_ a Код языка текста rus
084 a Индекс другой классификации/Индекс ББК 60.8; 66.3(2Рос),123
100 1_ a Автор Моляренко О. А.
q Полное имя Моляренко Ольга Андреевна
245 a Заглавие Распределенный образ жизни и контрурбанизационные процессы как факторы развития сельских и городских поселений
504 a Библиография Лит.: с. 61 - 62. - Примеч.: с. 62 - 63
520 a Аннотация Урбанизационные процессы рассматриваются как однонаправленная тенденция перманентного роста крупных городов, сокращения малых и оттока населения из сельской местности. Упускаются из виду новые способы освоения городскими жителями сельской местности и новые источники ресурсов для развития муниципалитетов. Разбираются концепции, объясняющие разные формы оттока населения из городов, и анализируются результаты полевых исследований в малочисленных муниципалитетах, привлекающих переезжающих городских жителей.
650 a Основная рубрика внутренняя политика
a Основная рубрика политика
a Основная рубрика социальное управление
653 a Ключевые слова внутренняя миграция
a Ключевые слова второбытничество
a Ключевые слова городские жители
a Ключевые слова городские поселения
a Ключевые слова государственная власть
a Ключевые слова государственное управление
a Ключевые слова дауншифтинг
a Ключевые слова контрурбанизация
a Ключевые слова малые города
a Ключевые слова мегаполисы
a Ключевые слова миграционный прирост населения
a Ключевые слова муниципалитеты
a Ключевые слова образ жизни
a Ключевые слова переселенцы
a Ключевые слова рантье
a Ключевые слова Россия
a Ключевые слова сальдо миграции
a Ключевые слова сельские поселения
a Ключевые слова теория дифференциальной урбанизации
a Ключевые слова убыль населения
a Ключевые слова урбанизация
773 t Заглавие источника Вопросы государственного и муниципального управления
d Дата издания источника 2013
g Прочая информация № 1. - С. 43 - 63 : 6 граф., табл., схем.
w Контрольный № источника RU/IS/BASE/421858656
901 t Тип документа b